[Event "EU-ch U20"]
[Site "Aviles"]
[Date "2000.08.25"]
[Round "9"]
[White "Pert, Nicholas"]
[Black "Bitansky, Igor"]
[Result "1/2-1/2"]
[WhiteElo "2455"]
[BlackElo "2359"]
[EventDate "2000.08.18"]
[PlyCount "179"]

1.d4 Nf6 2.c4 c5 3.d5 g6 4.Nc3 Bg7 5.g3 O-O 6.Bg2 d6 7.e3 Na6 8.Nge2 Nc7 
9.O-O a6 10.a4 b6 11.Rb1 b5 12.cxb5 axb5 13.axb5 Rb8 14.b4 Nxb5 15.bxc5 
Nxc3 16.Nxc3 Rxb1 17.Nxb1 dxc5 18.Bb2 Qb6 19.Bc3 Ba6 20.Re1 Nd7 21.Bxg7 
Kxg7 22.Nc3 Qf6 23.Ne4 Qb2 24.Qa4 Bb5 25.Qa5 Rb8 26.Nc3 Bd3 27.Qa1 c4 28.
Qxb2 Rxb2 29.Rc1 Nc5 30.e4 Nb3 31.Rd1 Nd4 32.Bf1 Nf3+ 33.Kg2 Ne5 34.Bxd3 
Nxd3 35.Rf1 Rc2 36.Nd1 c3 37.e5 Rc1 38.d6 exd6 39.exd6 Kf8 40.Ne3 Ne1+ 41.
Kg1 Ke8 42.Nc2 Nf3+ 43.Kg2 Rxf1 44.Kxf1 Nxh2+ 45.Ke2 Ng4 46.f3 Ne5 47.Ne3 
Kd7 48.f4 Nc6 49.Kd3 Kxd6 50.Kxc3 Ne7 51.Kd3 h5 52.Ke4 Ke6 53.Kf3 Nf5 54.
Ng2 Nd4+ 55.Ke4 Nf5 56.Kf3 Nh6 57.Ne3 Kd6 58.Ke4 Ng4 59.Nc2 Nf6+ 60.Kf3 
Kd5 61.Nb4+ Kd6 62.Nd3 Ng4 63.Ke4 f6 64.Ne1 Ke6 65.Ng2 g5 66.fxg5 fxg5 67.
Ne1 Nf6+ 68.Kf3 Kf5 69.Nc2 Ke5 70.Ke3 Ne4 71.Kf3 g4+ 72.Kg2 Ng5 73.Kf2 Ke4
74.Ne1 Kd4 75.Nc2+ Kd3 76.Nb4+ Ke4 77.Nc6 Ne6 78.Ne7 Nc5 79.Ng8 Kd3 80.Kg2
Ne4 81.Ne7 Nf6 82.Kf2 Kd2 83.Nf5 Ne4+ 84.Kf1 Kd3 85.Ke1 Nf6 86.Kf2 Kd2 87.
Ng7 Kd1 88.Ke3 Ke1 89.Kf4 Kf2 90.Nxh5 1/2-1/2

[Event "EU-ch U20"]
[Site "Aviles"]
[Date "2000.08.25"]
[Round "9"]
[White "Bekker-Jensen, Simon"]
[Black "Guseinov, Gadir"]
[Result "0-1"]
[WhiteElo "2388"]
[BlackElo "2421"]
[EventDate "2000.08.18"]
[PlyCount "91"]

1.d4 d6 2.e4 Nf6 3.f3 g6 4.c4 Bg7 5.Nc3 O-O 6.Be3 Nc6 7.Nge2 a6 8.Qd2 Rb8 
9.Nc1 e5 10.d5 Nd4 11.Nb3 c5 12.dxc6 bxc6 13.Nxd4 exd4 14.Bxd4 Re8 15.Be2 
d5 16.cxd5 Rb4 17.Bf2 cxd5 18.O-O dxe4 19.Qxd8 Rxd8 20.Rad1 Re8 21.fxe4 
Rxb2 22.Bd4 Nxe4 23.Nxe4 Rxe2 24.Bxg7 R2xe4 25.Bf6 Ra4 26.Rd2 Be6 27.Re1 
h6 28.Re3 g5 29.a3 Kh7 30.Rd4 Rxd4 31.Bxd4 Rd8 32.Bc3 Rd1+ 33.Kf2 Rc1 34.
Bd4 Bd5 35.Re2 Kg6 36.Rd2 Bc4 37.h3 f5 38.Bb2 Rf1+ 39.Kg3 f4+ 40.Kh2 Kf5 
41.Bg7 h5 42.Rc2 g4 43.hxg4+ hxg4 44.g3 Bd5 45.gxf4 Rh1+ 46.Kg3 0-1

[Event "EU-ch U20"]
[Site "Aviles"]
[Date "2000.08.25"]
[Round "9"]
[White "Colin, Vincent"]
[Black "Halkias, Stelios"]
[Result "1/2-1/2"]
[WhiteElo "2294"]
[BlackElo "2502"]
[EventDate "2000.08.18"]
[PlyCount "116"]

1.d4 Nf6 2.Nf3 c5 3.e3 e6 4.Bd3 d5 5.b3 Nc6 6.O-O Bd6 7.Bb2 O-O 8.a3 b6 9.
Nbd2 Bb7 10.Qe2 Qc7 11.dxc5 bxc5 12.c4 Ne5 13.Nxe5 Bxe5 14.Bxe5 Qxe5 15.
cxd5 exd5 16.Rac1 Rfc8 17.Nf3 Qd6 18.Rfd1 Qb6 19.Bf5 Rd8 20.Qc2 g6 21.Bh3 
d4 22.Qxc5 Qxc5 23.Rxc5 dxe3 24.Rxd8+ Rxd8 25.fxe3 Rd1+ 26.Kf2 Ba6 27.Re5 
Rf1+ 28.Kg3 Nh5+ 29.Kh4 h6 30.Ra5 Be2 31.Bg4 Nf6 32.Nd2 Re1 33.Bf3 Bxf3 
34.Nxf3 Re2 35.Kh3 g5 36.Nxg5 hxg5 37.Rxg5+ Kf8 38.Ra5 Rxe3+ 39.g3 Rxb3 
40.Rxa7 Rb2 41.Ra4 Re2 42.Rb4 Kg7 43.a4 Ne4 44.g4 Kg6 45.a5 f6 46.Ra4 Nc5 
47.Ra3 Re6 48.Kg3 Ra6 49.h4 Nb7 50.Kf4 Nc5 51.Kg3 Ra7 52.Kf4 Ra6 53.Kg3 
Ne6 54.Ra4 Ra8 55.Ra3 Ra6 56.Ra4 Kf7 57.Ra3 Ke7 58.Kf3 Kf7 1/2-1/2

[Event "EU-ch U20"]
[Site "Aviles"]
[Date "2000.08.25"]
[Round "9"]
[White "Bursteinas, Romanas"]
[Black "Andres Gonzalez, Alberto"]
[Result "0-1"]
[WhiteElo "2391"]
[BlackElo "2362"]
[EventDate "2000.08.18"]
[PlyCount "68"]

1.c4 e5 2.g3 Nc6 3.Bg2 g6 4.Nc3 Bg7 5.Rb1 a5 6.e3 d6 7.Nge2 Nge7 8.a3 Be6 
9.Nd5 Qd7 10.O-O O-O 11.d3 Nd8 12.Qc2 Nc8 13.e4 c6 14.Ne3 Ne7 15.f4 f5 16.
b3 fxe4 17.dxe4 Bh3 18.Bxh3 Qxh3 19.Qd3 Nf7 20.f5 Bh6 21.Ng2 Rad8 22.Nh4 
Bxc1 23.Rbxc1 Nh6 24.Qd2 Ng4 25.Nc3 Rf6 26.c5 Kg7 27.Rc2 d5 28.Nd1 h6 29.
Qxa5 Rdf8 30.Qd2 g5 31.Nf3 dxe4 32.Ne1 Nxf5 33.Qg2 Nfe3 34.Rxf6 Nxg2 0-1

[Event "EU-ch U20"]
[Site "Aviles"]
[Date "2000.08.25"]
[Round "9"]
[White "Iliushin, Alexei"]
[Black "Cheparinov, Ivan"]
[Result "1-0"]
[WhiteElo "2509"]
[BlackElo "2189"]
[EventDate "2000.08.18"]
[PlyCount "45"]

1.d4 d5 2.c4 c6 3.Nf3 Nf6 4.Qc2 g6 5.Bf4 Na6 6.e3 Bf5 7.Qb3 Nb4 8.Qxb4 e5 
9.Qxb7 Rb8 10.Qxa7 Rxb2 11.Nxe5 Bb4+ 12.Kd1 O-O 13.Bd3 Ne4 14.Kc1 Rxf2 15.
Nxc6 Qh4 16.Nxb4 Rxg2 17.Rf1 dxc4 18.Bxe4 Bxe4 19.Nd2 Qg4 20.Qa3 Bd3 21.
Nxd3 cxd3 22.Qxd3 Rc8+ 23.Kb2 1-0

[Event "EU-ch U20"]
[Site "Aviles"]
[Date "2000.08.25"]
[Round "9"]
[White "Reinaldo Castineira, Roi"]
[Black "Ortega Ruiz, Jose Miguel"]
[Result "1/2-1/2"]
[WhiteElo "2416"]
[BlackElo "2255"]
[EventDate "2000.08.18"]
[PlyCount "86"]

1.e4 c5 2.Nf3 e6 3.d4 cxd4 4.Nxd4 Nf6 5.Nc3 Nc6 6.Ndb5 Bb4 7.a3 Bxc3+ 8.
Nxc3 d5 9.exd5 exd5 10.Bd3 O-O 11.O-O d4 12.Ne2 Re8 13.b4 Nd5 14.Qd2 Bg4 
15.f3 Bh5 16.Bb2 Ne3 17.Rf2 Bg6 18.b5 Ne5 19.Bxg6 hxg6 20.Bxd4 N5c4 21.Qd3
Qg5 22.Bxe3 Nxe3 23.Nd4 Nd5 24.Qd2 Nf4 25.g3 Rad8 26.c3 Nh3+ 27.Kg2 Qh5 
28.Re2 Ng5 29.Rxe8+ Rxe8 30.h4 Ne6 31.Qe3 Kf8 32.Nxe6+ Rxe6 33.Qd3 Qe5 34.
Rd1 Kg8 35.Rd2 Qe1 36.a4 Qa1 37.Qc4 Re1 38.Rd8+ Kh7 39.Qxf7 Re2+ 40.Kh3 
Qf1+ 41.Kg4 Re4+ 42.f4 Qe2+ 43.Kh3 Qf1+ 1/2-1/2

[Event "EU-ch U20"]
[Site "Aviles"]
[Date "2000.08.25"]
[Round "9"]
[White "Rigo, Zsolt"]
[Black "Mah, Karl"]
[Result "1/2-1/2"]
[WhiteElo "2224"]
[BlackElo "2411"]
[EventDate "2000.08.18"]
[PlyCount "48"]

1.e4 g6 2.d4 Bg7 3.Nf3 d6 4.Nc3 a6 5.a4 Nf6 6.Be2 O-O 7.O-O b6 8.Re1 Bb7 
9.Bf1 e6 10.Bf4 h6 11.h3 Nc6 12.Qd2 Kh7 13.Rad1 Nd7 14.Nh2 e5 15.dxe5 
Ndxe5 16.Bxe5 dxe5 17.Qxd8 Raxd8 18.Nd5 Nd4 19.c3 Ne6 20.f3 Rd6 21.Ne3 
Rdd8 22.Bc4 Bc8 23.Kf1 c6 24.Ba2 b5 1/2-1/2

[Event "EU-ch U20"]
[Site "Aviles"]
[Date "2000.08.25"]
[Round "9"]
[White "Dovliatov, Sanan"]
[Black "Fluvia Poyatos, Jordi"]
[Result "1-0"]
[WhiteElo "2360"]
[BlackElo "2261"]
[EventDate "2000.08.18"]
[PlyCount "59"]

1.e4 d5 2.exd5 Qxd5 3.Nf3 Nf6 4.d4 Bf5 5.Be2 e6 6.O-O Be7 7.c4 Qd8 8.Nc3 
h6 9.Qb3 Qc8 10.Bf4 c6 11.d5 exd5 12.cxd5 cxd5 13.Nb5 O-O 14.Nc7 Nh5 15.
Nxd5 Re8 16.Nxe7+ Rxe7 17.Be3 Nf4 18.Bxf4 Rxe2 19.Nd4 Re7 20.Bd6 Be6 21.
Qg3 Re8 22.Be5 g6 23.Nb5 Qc5 24.Nc7 Nd7 25.Bc3 b5 26.Nxa8 Rxa8 27.Qh4 h5 
28.Rad1 Rc8 29.Rfe1 Qc6 30.Qd4 1-0

[Event "EU-ch U20"]
[Site "Aviles"]
[Date "2000.08.25"]
[Round "9"]
[White "Biti, Ozren"]
[Black "Atakisi, Umut"]
[Result "1/2-1/2"]
[WhiteElo "2323"]
[BlackElo "2258"]
[EventDate "2000.08.18"]
[PlyCount "184"]

1.e4 c5 2.d3 Nc6 3.g3 d5 4.Nd2 Nf6 5.Ngf3 g6 6.Bg2 Bg7 7.O-O O-O 8.Re1 Bg4
9.h3 Bxf3 10.Qxf3 dxe4 11.dxe4 Nd7 12.Bf1 Qc7 13.c3 Rad8 14.Qe3 Nde5 15.f4
Bh6 16.g4 Nd3 17.g5 Nxe1 18.Qxe1 Bg7 19.Nf3 e5 20.Qg3 Rd1 21.Kg2 exf4 22.
Bxf4 Qd7 23.Rxd1 Qxd1 24.Bd6 Re8 25.Bxc5 Qc2+ 26.Qf2 Qxe4 27.Bxa7 Ra8 28.
Bc5 Rxa2 29.Ba3 Ne5 30.Be2 h5 31.Bd1 Nd3 32.Qd2 Ra1 33.Bd6 Ne1+ 34.Kf2 
Nxf3 35.Bxf3 Qh4+ 36.Kg2 Qe1 37.Qxe1 Rxe1 38.c4 b6 39.b4 Bf8 40.Bc7 Rb1 
41.b5 Bc5 42.h4 Rg1+ 43.Kh2 Rc1 44.Bd5 Rc3 45.Kg2 Kf8 46.Be5 Rc2+ 47.Kh3 
Ke7 48.Bf6+ Ke8 49.Be5 Re2 50.Bb8 Ke7 51.Kg3 Re3+ 52.Kg2 Re1 53.Bc7 Rg1+ 
54.Kf3 Rg4 55.Bg3 f6 56.gxf6+ Kxf6 57.Be4 Ke6 58.Be1 Be7 59.Bf2 Bc5 60.Bg3
Kd7 61.Bc6+ Ke6 62.Be4 Kf6 63.Bc7 Rxh4 64.Bd8+ Be7 65.Bxb6 Rh3+ 66.Kg2 Rb3
67.Bd4+ Kg5 68.b6 h4 69.c5 Kf4 70.c6 Kxe4 71.c7 Kxd4 72.c8=Q Rxb6 73.Qd7+ 
Bd6 74.Qg4+ Kc5 75.Qg5+ Kc6 76.Qxh4 Bc5 77.Qc4 Kd6 78.Qf7 Ke5 79.Qc7+ Kd5 
80.Kf3 Rf6+ 81.Kg4 Bd6 82.Qb7+ Ke6 83.Qc8+ Kf7 84.Qd7+ Be7 85.Qd5+ Kg7 86.
Qd7 Rf7 87.Qe6 Bf6 88.Qd5 Re7 89.Qc6 Ra7 90.Qb5 Re7 91.Qc6 Re5 92.Qb7+ Re7
1/2-1/2

[Event "EU-ch U20"]
[Site "Aviles"]
[Date "2000.08.25"]
[Round "9"]
[White "Tomic, Bosko"]
[Black "Karttunen, Mika"]
[Result "0-1"]
[WhiteElo "2151"]
[BlackElo "2399"]
[EventDate "2000.08.18"]
[PlyCount "62"]

1.e4 c5 2.Nf3 e6 3.c3 d5 4.exd5 exd5 5.d4 Nc6 6.Be2 Bd6 7.dxc5 Bxc5 8.O-O 
Nge7 9.Nbd2 O-O 10.Nb3 Bb6 11.Bd3 h6 12.Nfd4 Ne5 13.Bc2 N7c6 14.Qh5 Qf6 
15.h3 Rd8 16.Re1 Be6 17.Nf5 Re8 18.Bf4 Nc4 19.Bg3 g6 20.Qxh6 Bxf5 21.Qf4 
Nxb2 22.Bh4 Qxc3 23.Rxe8+ Rxe8 24.Bxf5 gxf5 25.Qg5+ Qg7 26.Qxf5 Re6 27.
Qxd5 Qe5 28.Qf3 Qe4 29.Qc3 Nd3 30.Bg3 Rg6 31.Kh2 Bxf2 0-1

[Event "EU-ch U20"]
[Site "Aviles"]
[Date "2000.08.25"]
[Round "9"]
[White "Perez Candelario, Manuel"]
[Black "Zenklusen, Rico"]
[Result "1/2-1/2"]
[WhiteElo "2300"]
[BlackElo "2221"]
[EventDate "2000.08.18"]
[PlyCount "25"]

1.e4 c6 2.d4 d5 3.e5 Bf5 4.Nf3 e6 5.Be2 c5 6.c4 dxc4 7.Nc3 Nc6 8.Be3 cxd4 
9.Nxd4 Nxd4 10.Bxd4 Ne7 11.Bxc4 Nc6 12.Bb5 Be7 13.Bxc6+ 1/2-1/2

[Event "EU-ch U20"]
[Site "Aviles"]
[Date "2000.08.25"]
[Round "9"]
[White "Navarro Cia, Miguel"]
[Black "Srebrnic, Marko"]
[Result "1-0"]
[WhiteElo "2307"]
[BlackElo "2096"]
[EventDate "2000.08.18"]
[PlyCount "57"]

1.e4 e5 2.Nf3 Nf6 3.d4 Nxe4 4.Bd3 Nc6 5.Bxe4 d5 6.Bg5 Qd7 7.Bd3 e4 8.O-O 
exd3 9.Qxd3 Be7 10.Bf4 O-O 11.Nc3 Nb4 12.Qd2 c6 13.a3 Na6 14.Rfe1 Nc7 15.
h3 Bd6 16.Ne2 Ne6 17.Bg3 b6 18.b3 Ba6 19.Bxd6 Qxd6 20.Ng3 Rfe8 21.Nf5 Qc7 
22.g3 Rad8 23.a4 Nf8 24.Rxe8 Rxe8 25.Re1 Rxe1+ 26.Qxe1 Bc8 27.Ne7+ Kh8 28.
Ng5 Be6 29.Qxe6 1-0

[Event "EU-ch U20"]
[Site "Aviles"]
[Date "2000.08.25"]
[Round "9"]
[White "Parkin, James"]
[Black "Gonzalez Menendez, Ivan"]
[Result "1-0"]
[WhiteElo "2140"]
[BlackElo "2242"]
[EventDate "2000.08.18"]
[PlyCount "61"]

1.e4 e6 2.d4 d5 3.e5 c5 4.c3 Nc6 5.Nf3 Qb6 6.a3 Nh6 7.b4 cxd4 8.cxd4 Nf5 
9.Bb2 Be7 10.Qd2 Bd7 11.h4 Rc8 12.g4 Nh6 13.Rg1 Ng8 14.g5 h5 15.gxh6 Nxh6 
16.Rxg7 Nf5 17.Rg4 Nxh4 18.Nxh4 Bxh4 19.Qf4 Be7 20.Rg7 Rf8 21.Be2 Bxb4+ 
22.axb4 Nxb4 23.Kf1 Bb5 24.Ba3 Rc2 25.Bxb5+ Qxb5+ 26.Kg1 Nd3 27.Qf6 Qd7 
28.Bxf8 Rxf2 29.Qe7+ Qxe7 30.Bxe7 Kxe7 31.Rg3 1-0

[Event "EU-ch U20"]
[Site "Aviles"]
[Date "2000.08.25"]
[Round "9"]
[White "Andres Gonzalez, Ivan"]
[Black "Sanchez Aller, Fernando"]
[Result "1/2-1/2"]
[WhiteElo "2176"]
[BlackElo "2137"]
[EventDate "2000.08.18"]
[PlyCount "58"]

1.d4 Nf6 2.c4 e6 3.Nf3 b6 4.g3 Ba6 5.Nbd2 Bb7 6.Bg2 d5 7.Ne5 Nbd7 8.Qa4 
Bd6 9.O-O O-O 10.Ndf3 Qe8 11.Nxd7 Nxd7 12.Qc2 f5 13.b4 dxc4 14.Qxc4 Bd5 
15.Qc3 Nf6 16.a3 a5 17.Bd2 Ne4 18.Qb2 Nxd2 19.Nxd2 axb4 20.axb4 Qb5 21.
Bxd5 exd5 22.Qb3 Kh8 23.Nf3 h6 24.Ne5 Kh7 25.Qd3 Qe8 26.Rxa8 Qxa8 27.Nd7 
Rf7 28.Ne5 Rf8 29.Nd7 Rf7 1/2-1/2

[Event "EU-ch U20"]
[Site "Aviles"]
[Date "2000.08.25"]
[Round "9"]
[White "Kobler, Mario"]
[Black "Weber, Tom"]
[Result "1-0"]
[WhiteElo "2166"]
[BlackElo "2067"]
[EventDate "2000.08.18"]
[PlyCount "55"]

1.c4 g6 2.Nc3 Bg7 3.d3 e5 4.g3 d6 5.Bg2 Nf6 6.Bg5 h6 7.Bxf6 Qxf6 8.e3 c6 
9.Nge2 O-O 10.O-O a5 11.a3 Bg4 12.Rb1 Qe7 13.b4 axb4 14.axb4 f5 15.Qc2 g5 
16.Rfe1 f4 17.exf4 Qf7 18.f3 Bh5 19.g4 Bg6 20.f5 Bh7 21.b5 Kh8 22.bxc6 
bxc6 23.Rb3 Na6 24.Reb1 Nc5 25.Rb6 Qa7 26.Kh1 Rfb8 27.Rxc6 Rxb1+ 28.Qxb1 
1-0

[Event "EU-ch U20"]
[Site "Aviles"]
[Date "2000.08.25"]
[Round "9"]
[White "Moreno Tejera, Emilio"]
[Black "Bruned Carasco, Yvain"]
[Result "1-0"]
[WhiteElo "2139"]
[BlackElo "2012"]
[EventDate "2000.08.18"]
[PlyCount "51"]

1.e4 d5 2.exd5 Nf6 3.d4 Bg4 4.Bb5+ Nbd7 5.Be2 Bxe2 6.Qxe2 Nxd5 7.c4 N5f6 
8.Nf3 e6 9.O-O Be7 10.Re1 Bb4 11.Nbd2 O-O 12.a3 Bd6 13.b3 c6 14.Bb2 a6 15.
Ne5 Rc8 16.Ndf3 h6 17.Rad1 b5 18.Qd2 Be7 19.Qf4 Nb6 20.Qg3 bxc4 21.bxc4 
Nh7 22.d5 Qc7 23.d6 Bxd6 24.Rxd6 Qxd6 25.c5 Qb8 26.cxb6 1-0

[Event "EU-ch U20"]
[Site "Aviles"]
[Date "2000.08.25"]
[Round "9"]
[White "Bruned Carasco, Boris"]
[Black "Isik, Engin Yasar"]
[Result "1-0"]
[WhiteElo "2004"]
[BlackElo "2120"]
[EventDate "2000.08.18"]
[PlyCount "199"]

1.e4 d6 2.d4 Nd7 3.c4 e5 4.d5 g6 5.g3 Bg7 6.Bg2 a5 7.b3 Ne7 8.Ne2 Nc5 9.
Bb2 O-O 10.O-O Bg4 11.f3 Bd7 12.Nbc3 Qc8 13.a3 Na6 14.Qc2 Kh8 15.Nc1 Ng8 
16.Nd3 Nh6 17.b4 f6 18.c5 Nf7 19.c6 bxc6 20.dxc6 Be6 21.b5 Nc5 22.Nxc5 
dxc5 23.Nd5 c4 24.Qxc4 Nd6 25.Qc5 Rb8 26.a4 Bxd5 27.exd5 Rd8 28.Bc3 Bf8 
29.Qf2 Ra8 30.f4 Bg7 31.fxe5 fxe5 32.Qe2 Re8 33.Rab1 Qb8 34.Qf2 Nc4 35.Qc5
Nb6 36.Ra1 Qd8 37.Rfd1 Bf8 38.Qf2 Bd6 39.Qe2 Qe7 40.Re1 Kg8 41.Bh3 Nxd5 
42.Qc4 Qf7 43.Rf1 Nf6 44.Qxf7+ Kxf7 45.Rab1 Kg7 46.Bg2 Ng4 47.Bd5 Re7 48.
Rfe1 Bc5+ 49.Kh1 Bb6 50.h3 Nf2+ 51.Kg2 Nd3 52.Re2 Rae8 53.Bc4 Nc5 54.Rbe1 
Nxa4 55.Bxe5+ Rxe5 56.Rxe5 Rd8 57.Re7+ Kh6 58.Rd7 Rh8 59.Re4 Rf8 60.Rh4+ 
Kg5 61.Rd5+ Kf6 62.Rf4+ Ke7 63.Re5+ Kd6 64.Re6+ Kc5 65.Rxf8 Kxc4 66.Rf7 
Nc5 67.Ref6 Kxb5 68.Rxh7 a4 69.Re7 a3 70.Re3 a2 71.Ra3 Ne4 72.Rff3 Nd2 73.
Rfd3 Nc4 74.Rxa2 Kxc6 75.Rc2 Kb5 76.Rdc3 Ne3+ 77.Rxe3 Bxe3 78.Rxc7 g5 79.
Kf3 Bd2 80.Rg7 Kc5 81.Kg4 Kd6 82.Rxg5 Ke6 83.h4 Kf6 84.Rb5 Kg7 85.Rb6 Be3 
86.Ra6 Kh7 87.Kh5 Kg7 88.g4 Kh7 89.Rc6 Kg7 90.g5 Bf4 91.Rb6 Kh7 92.Rb7+ 
Kg8 93.Kg6 Bg3 94.h5 Kf8 95.Kh7 Bf4 96.g6 Be5 97.g7+ Bxg7 98.Rxg7 Ke8 99.
Kg8 Kd8 100.h6 1-0

[Event "EU-ch U20"]
[Site "Aviles"]
[Date "2000.08.26"]
[Round "10"]
[White "Blehm, Pawel"]
[Black "Horvath, Adam"]
[Result "1/2-1/2"]
[WhiteElo "2518"]
[BlackElo "2425"]
[EventDate "2000.08.18"]
[PlyCount "95"]

1.e4 c5 2.Nf3 Nc6 3.d4 cxd4 4.Nxd4 e5 5.Nb5 d6 6.N1c3 a6 7.Na3 b5 8.Nd5 
Nge7 9.c4 Nd4 10.Be3 Nxd5 11.cxd5 Be7 12.Bd3 O-O 13.O-O Bb7 14.Qd2 f5 15.
Bxd4 exd4 16.Nc2 Bf6 17.exf5 Bxd5 18.Nb4 Bb7 19.Bc2 Kh8 20.Bb3 a5 21.Nc2 
Qe8 22.f3 Qe5 23.Rad1 d3 24.Qxd3 Qxb2 25.Ne3 a4 26.Be6 Ba6 27.Rf2 Qc3 28.
Qxc3 Bxc3 29.Nd5 Ba5 30.Rb2 b4 31.Nxb4 Rab8 32.a3 Bb6+ 33.Kh1 Bc5 34.Bd7 
Bc8 35.Bxc8 Rbxc8 36.g4 g6 37.fxg6 Rxf3 38.gxh7 Rxa3 39.Nd5 Rb3 40.Re2 a3 
41.g5 Rb2 42.Re7 Bd4 43.Nf4 Bg7 44.Rde1 Kxh7 45.Nh5 Kg6 46.Nf4+ Kh7 47.Nh5
Kg6 48.Nf4+ 1/2-1/2

[Event "EU-ch U20"]
[Site "Aviles"]
[Date "2000.08.26"]
[Round "10"]
[White "Mastrovasilis, Dimitrios"]
[Black "Iliushin, Alexei"]
[Result "0-1"]
[WhiteElo "2386"]
[BlackElo "2509"]
[EventDate "2000.08.18"]
[PlyCount "78"]

1.e4 c5 2.Nf3 e6 3.d4 cxd4 4.Nxd4 Nf6 5.Nc3 d6 6.g4 e5 7.Bb5+ Bd7 8.Bxd7+ 
Qxd7 9.Nf5 h5 10.f3 hxg4 11.fxg4 Rh3 12.Bg5 Rxc3 13.bxc3 Nxe4 14.Be3 d5 
15.O-O Nc6 16.c4 d4 17.Qf3 Nc5 18.Bd2 e4 19.Rae1 Qe6 20.Qg2 O-O-O 21.c3 d3
22.Ng3 Ne5 23.Nxe4 Nxc4 24.Ng5 Qb6 25.Kh1 f6 26.Ne4 Qc6 27.Rf2 Re8 28.Ng3 
Rxe1+ 29.Bxe1 Qe6 30.Bd2 Nxd2 31.Rxd2 Qe1+ 32.Nf1 Ne4 33.Qf3 Nxd2 34.Qf5+ 
Kc7 35.Qa5+ Kc6 36.Qa4+ Kc7 37.Qa5+ Kc8 38.Qf5+ Kb8 39.Qf4+ Ka8 0-1

[Event "EU-ch U20"]
[Site "Aviles"]
[Date "2000.08.26"]
[Round "10"]
[White "Jenni, Florian"]
[Black "Kallio, Heikki"]
[Result "1-0"]
[WhiteElo "2440"]
[BlackElo "2451"]
[EventDate "2000.08.18"]
[PlyCount "59"]

1.e4 c6 2.d4 d5 3.Nc3 dxe4 4.Nxe4 Nd7 5.Bc4 Ngf6 6.Ng5 e6 7.Qe2 Nb6 8.Bd3 
h6 9.N5f3 c5 10.dxc5 Bxc5 11.Ne5 O-O 12.Ngf3 Nbd5 13.a3 a5 14.g4 b5 15.h4 
Bb7 16.Rg1 Ne7 17.g5 hxg5 18.Bxg5 Ne8 19.O-O-O f6 20.Nd7 Qxd7 21.Bh7+ Kxh7
22.Rxd7 Bc6 23.Rxe7 Bxe7 24.Qxe6 Bd6 25.Nd4 Bb7 26.Qf5+ g6 27.Qd7+ Ng7 28.
Ne6 Rg8 29.Bxf6 Rgd8 30.Qxg7# 1-0

[Event "EU-ch U20"]
[Site "Aviles"]
[Date "2000.08.26"]
[Round "10"]
[White "Dottling, Fabian"]
[Black "Karttunen, Mika"]
[Result "1-0"]
[WhiteElo "2473"]
[BlackElo "2399"]
[EventDate "2000.08.18"]
[PlyCount "89"]

1.Nf3 Nf6 2.c4 c6 3.b3 g6 4.Bb2 Bg7 5.g3 O-O 6.Bg2 d5 7.O-O Nbd7 8.Qc2 Re8
9.Ne5 e6 10.d3 Nxe5 11.Bxe5 Nd7 12.Bxg7 Kxg7 13.Nd2 Nf6 14.cxd5 exd5 15.e4
Be6 16.Qc3 Kg8 17.Rfe1 Rc8 18.b4 Ng4 19.Nb3 dxe4 20.dxe4 Bxb3 21.axb3 Qb6 
22.Qc5 Ne5 23.Rxa7 Qxc5 24.bxc5 Nd3 25.Rd1 Nxc5 26.b4 Nxe4 27.Rxb7 c5 28.
Rdd7 cxb4 29.Bxe4 Rxe4 30.Rxf7 Re6 31.Rg7+ Kf8 32.Rxh7 Kg8 33.Rh4 Rc1+ 34.
Kg2 Rc2 35.Rbxb4 Re7 36.Rhf4 Rc6 37.h4 Kg7 38.Rb5 Kh6 39.Kh3 Rd7 40.Kg4 
Rg7 41.Rf8 Rc4+ 42.f4 Rh7 43.Rb6 Ra4 44.Rff6 Ra1 45.Rxg6# 1-0

[Event "EU-ch U20"]
[Site "Aviles"]
[Date "2000.08.26"]
[Round "10"]
[White "Mateuta, Gabriel"]
[Black "Berg, Emanuel"]
[Result "0-1"]
[WhiteElo "2409"]
[BlackElo "2456"]
[EventDate "2000.08.18"]
[PlyCount "46"]

1.d4 f5 2.e4 fxe4 3.Nc3 Nf6 4.Bg5 Nc6 5.d5 Ne5 6.Qe2 Nf7 7.Bxf6 exf6 8.
Nxe4 Bb4+ 9.c3 Be7 10.d6 cxd6 11.O-O-O O-O 12.Qh5 g6 13.Qd5 f5 14.Ng3 Rb8 
15.h4 Bxh4 16.Nf3 Bxg3 17.fxg3 b5 18.Qd4 Bb7 19.Bd3 Re8 20.Rxh7 Kxh7 21.
Bxf5 gxf5 22.Rh1+ Kg8 23.Qf4 Bxf3 0-1

[Event "EU-ch U20"]
[Site "Aviles"]
[Date "2000.08.26"]
[Round "10"]
[White "Halkias, Stelios"]
[Black "Biti, Ozren"]
[Result "1-0"]
[WhiteElo "2502"]
[BlackElo "2323"]
[EventDate "2000.08.18"]
[PlyCount "83"]

1.d4 d6 2.Nf3 Bg4 3.e4 Nf6 4.Nc3 e6 5.h3 Bh5 6.Bg5 Be7 7.Qe2 c6 8.g4 Bg6 
9.Bxf6 Bxf6 10.h4 h6 11.O-O-O Nd7 12.e5 Be7 13.exd6 Bxd6 14.Ne5 Bh7 15.f4 
f6 16.f5 Qe7 17.Nc4 Bf4+ 18.Kb1 Bg8 19.fxe6 Bxe6 20.Re1 Bg3 21.d5 Bxe1 22.
dxe6 Bxc3 23.exd7+ Kd8 24.Qxe7+ Kxe7 25.bxc3 Kxd7 26.h5 Rhe8 27.Bd3 Kc7 
28.Bg6 Re7 29.Rh3 Rd8 30.Ne3 Kb6 31.Kb2 Rc7 32.Nf5 Rd5 33.c4 Rdd7 34.Kc3 
Kc5 35.Ng3 Re7 36.Ne4+ Kb6 37.c5+ Ka6 38.Kc4 b6 39.Nd6 bxc5 40.Ra3+ Kb6 
41.Rb3+ Ka6 42.Bd3 1-0

[Event "EU-ch U20"]
[Site "Aviles"]
[Date "2000.08.26"]
[Round "10"]
[White "Andres Gonzalez, Alberto"]
[Black "Pert, Nicholas"]
[Result "0-1"]
[WhiteElo "2362"]
[BlackElo "2455"]
[EventDate "2000.08.18"]
[PlyCount "80"]

1.d4 e6 2.Nf3 f5 3.d5 Nf6 4.dxe6 d5 5.Ng5 Qe7 6.c4 Bxe6 7.e3 Nc6 8.Nxe6 
Qxe6 9.cxd5 Nxd5 10.Bc4 O-O-O 11.Nc3 Bb4 12.Bd2 Bxc3 13.Bxc3 Qe4 14.Bxd5 
Rxd5 15.Qf3 Qc4 16.Qe2 Rd3 17.Rc1 Nb4 18.Bd2 Nc2+ 19.Kd1 Rxd2+ 20.Qxd2 Rd8
21.Qxd8+ Kxd8 22.Rxc2 Qxa2 23.Re1 Qa1+ 24.Kd2 Qa5+ 25.Kd1 Qe5 26.h3 c6 27.
Kc1 Kc7 28.g4 g6 29.gxf5 gxf5 30.Rg1 f4 31.exf4 Qxf4+ 32.Kb1 Qf6 33.Rg4 a5
34.h4 h6 35.Ka1 Qe5 36.Rgc4 Qd5 37.Rc5 Qh1+ 38.Ka2 Qxh4 39.Rxa5 Qf4 40.Rh5
Qf7+ 0-1

[Event "EU-ch U20"]
[Site "Aviles"]
[Date "2000.08.26"]
[Round "10"]
[White "Hunt, Adam"]
[Black "Colin, Vincent"]
[Result "1-0"]
[WhiteElo "2392"]
[BlackElo "2294"]
[EventDate "2000.08.18"]
[PlyCount "89"]

1.e4 c5 2.Nf3 d6 3.d4 cxd4 4.Qxd4 Bd7 5.Bg5 Nc6 6.Qd2 h6 7.Bh4 g5 8.Bg3 
Bg7 9.c3 Nf6 10.Bd3 Nh5 11.Na3 Bf6 12.Nc2 g4 13.Nfd4 Bg5 14.Qe2 Nf4 15.
Bxf4 Bxf4 16.Nf5 h5 17.g3 Be5 18.h3 Qb6 19.Nce3 e6 20.Nc4 Qc7 21.Nfe3 
O-O-O 22.hxg4 hxg4 23.O-O-O Rxh1 24.Rxh1 Bh8 25.Kb1 Kb8 26.Nxg4 d5 27.exd5
exd5 28.Na3 Bxg4 29.Qxg4 Qb6 30.Qf4+ Be5 31.Qd2 Bd6 32.Nb5 Ne5 33.Rh6 a6 
34.Nxd6 Rxd6 35.Rxd6 Qxd6 36.Be4 Ng4 37.Qxd5 Qb6 38.Qxf7 Nxf2 39.Bc2 Nh1 
40.Qf4+ Ka7 41.g4 Qg1+ 42.Qc1 Qg2 43.g5 Ng3 44.g6 Ne2 45.Qe1 1-0

[Event "EU-ch U20"]
[Site "Aviles"]
[Date "2000.08.26"]
[Round "10"]
[White "Vink, Nico"]
[Black "Bursteinas, Romanas"]
[Result "1-0"]
[WhiteElo "2296"]
[BlackElo "2391"]
[EventDate "2000.08.18"]
[PlyCount "55"]

1.e4 c5 2.Nf3 e6 3.d4 cxd4 4.Nxd4 a6 5.Nc3 Qc7 6.Be2 b5 7.f4 Bc5 8.Be3 Qb6
9.Bf3 Bb7 10.Qd3 Nc6 11.O-O-O Nf6 12.Rhe1 Rc8 13.a3 h5 14.e5 Ng4 15.Bxg4 
hxg4 16.Nf5 Bxe3+ 17.Rxe3 exf5 18.Qxd7+ Kf8 19.Nd5 Qa7 20.e6 fxe6 21.Qd6+ 
Kg8 22.Qxe6+ Kf8 23.Qxf5+ Kg8 24.Nf6+ gxf6 25.Qg6+ Kf8 26.Qxf6+ Kg8 27.
Qg6+ Kf8 28.Qf5+ 1-0

[Event "EU-ch U20"]
[Site "Aviles"]
[Date "2000.08.26"]
[Round "10"]
[White "Mah, Karl"]
[Black "Poliakov, Dmitry"]
[Result "1-0"]
[WhiteElo "2411"]
[BlackElo "2262"]
[EventDate "2000.08.18"]
[PlyCount "83"]

1.c4 c5 2.Nf3 Nc6 3.Nc3 e5 4.e3 d6 5.Be2 f5 6.O-O Nf6 7.d4 e4 8.Ne1 Be7 9.
f3 O-O 10.d5 Ne5 11.f4 Nf7 12.a3 b6 13.b4 Bd7 14.Nc2 h6 15.Bb2 g5 16.Qd2 
Kh7 17.a4 Rg8 18.Kh1 gxf4 19.exf4 Qf8 20.Ba3 h5 21.Rab1 Qg7 22.Ne3 Ng4 23.
Bxg4 hxg4 24.Ne2 Kg6 25.bxc5 dxc5 26.Bb2 Bf6 27.a5 Rab8 28.axb6 axb6 29.
Bc3 Rh8 30.g3 Nd6 31.Qb2 Bxc3 32.Qxc3 Qxc3 33.Nxc3 b5 34.cxb5 Nxb5 35.Na4 
Nd4 36.Rxb8 Rxb8 37.Nxc5 Bb5 38.Rb1 Rc8 39.Ne6 Bd3 40.Rb6 Nf3 41.Ng5+ Kh5 
42.Nf7 1-0

[Event "EU-ch U20"]
[Site "Aviles"]
[Date "2000.08.26"]
[Round "10"]
[White "Atakisi, Umut"]
[Black "Fluvia Poyatos, Joan"]
[Result "1-0"]
[WhiteElo "2258"]
[BlackElo "2403"]
[EventDate "2000.08.18"]
[PlyCount "35"]

1.e4 e6 2.d4 d5 3.Nc3 Nf6 4.Bg5 Be7 5.e5 Nfd7 6.Bxe7 Qxe7 7.f4 c5 8.Nb5 
Kd8 9.Nf3 b6 10.Nd6 f6 11.c3 Ba6 12.Bxa6 Nxa6 13.Qa4 Ndb8 14.O-O Rf8 15.c4
Qd7 16.Qb3 Nc6 17.f5 Nxd4 18.Nxd4 1-0